Súbor ekonomických ukazovateľov za rok 1994. /

Uložené v:
Podrobná bibliografia
Hlavný autor: Košútová (Adapter)
Médium: Kniha
Jazyk:Slovak
Vydané: Bratislava : Ústav informácií a prognóz školstva, mládeže a telovýchovy, 1995
Vydanie:1. vyd.
Témy:
ISBN: (brož.)
Fyzický popis: 80 s.
Tagy: Pridať tag
Žiadne tagy, Buďte prvý kto otaguje tento záznam!

MARC

LEADER 00000nam a2200000 a 4500
001 000025321
003 SVKK
005 19990526000000.0
008 951004s1995 xo e sloo
020 |a (brož.) 
040 |a SVKKK  |b slo  |c SVKKK  |e AACR2 
041 0 |a slo 
044 |a xo  |c SK 
080 |a 37(437.6):33  |2 1997 
080 |a 371(437.6):33  |2 1997 
080 |a 311.312(437.6)"1994"  |2 1997 
245 0 0 |a Súbor ekonomických ukazovateľov za rok 1994. /  |c Sprac. Košútová 
250 |a 1. vyd. 
260 |a Bratislava :  |b Ústav informácií a prognóz školstva, mládeže a telovýchovy,  |c 1995 
300 |a 80 s. 
653 0 |a školstvo  |2 SVKKKPH 
653 0 |a ukazovatele ekonomické  |2 SVKKKPH 
653 0 |a Slovensko  |2 SVKKKPH 
653 0 |a r. 1994  |2 SVKKKPH 
655 7 |a informačné publikácie  |2 SVKKKPH 
700 1 |a Košútová,  |4 adp 
910 |a svkkk 
974 |a PA  |d 19951229 
974 |a PA  |d 19951229 
974 |a MI  |d 19990526 
998 |a BK 
090 |g SCKHL  |k Sklad Pribinova 2. posch.  |a III.169430  |j 887212  |i 2720469911  |s Absenčne